000 00869nam a2200217Ia 4500
003 Ost
005 20260507075040.0
008 260507s9999||||xx |||||||||||||| ||und||
040 _cfsecg
041 _aara
082 _a330
100 _aدبيان، عبد المقصود
_eمؤلف
245 0 _aإستخدام أوراق العمل الإلكترونية في مجال المحاسبة الإدارية ومحاسبة التكاليف /
_c عبد المقصود دبيان
260 _aالاسكندرية:
_bالدار الجامعية,
_c2003
300 _a285 صفحة؛
_bإيضاحات ؛
_c24 سم
520 _aمايكروسوفت إكسل، كيفية استخدامه
653 _aالمحاسبة، الإدارة
653 _aمحاسبة التكاليف
700 _aسمير، كامل محمد
_eمؤلف ثانوي
942 _cكتاب
999 _c42495
_d42495